Biblia de Jerusalén.

Saved in:
Bibliografiske detaljer
Format: Ukendt
Udgivet: Bilbao, España: Desclée De Brouwer, 2019.
Udgivelse:Quinta Edición.
Fag:
Tags: Tilføj Tag
Ingen Tags, Vær først til at tagge denne postø!

MARC

LEADER 00000 a2200000 4500
003 CL-VaPUC
005 20250103100419.0
008 220921t2019 ||||| |||| 00| 0 eng d
999 |c 438701  |d 438699 
020 |a 978-84-330-3047-4 
040 |c Pontificia Universidad Católica de Valparaíso 
082 |a 220 BIB 2019 
245 |a Biblia de Jerusalén. 
250 |a Quinta Edición.  |b Revisada y aumentada.  
260 |b Desclée De Brouwer,  |c 2019.  |a Bilbao, España: 
300 |a 2017 páginas.  
583 |k GC  |c 20220921 
650 0 |a Biblia  |9 257603 
650 0 |a Iglesia Católica  |x Libros sagrados  |9 256114 
942 |2 ddc  |c BK 
952 |0 0  |1 0  |2 ddc  |4 0  |6 220_000000000000000_BIB_2019  |7 0  |8 A  |9 586779  |a BIBTEO  |b BIBTEO  |c GEN  |d 2022-09-21  |e 8  |g 39900.00  |i 5654725  |l 34  |m 4  |o 220 BIB 2019  |p 5654725  |q 2025-05-12  |r 2025-05-05  |s 2025-05-05  |t 1  |v 39900.00  |w 2022-09-21  |y BK  |k ICR 
952 |0 0  |1 0  |2 ddc  |4 0  |6 220_000000000000000_BIB_2019  |7 0  |8 A  |9 586780  |a BIBTEO  |b BIBTEO  |c GEN  |d 2022-09-21  |e 8  |g 39900.00  |i 5654726  |l 27  |m 2  |o 220 BIB 2019  |p 5654726  |r 2025-04-21  |s 2025-04-21  |t 2  |v 39900.00  |w 2022-09-21  |y BK  |k ICR 
952 |0 0  |1 0  |2 ddc  |4 0  |6 220_000000000000000_BIB_2019  |7 0  |8 A  |9 586781  |a BIBTEO  |b BIBTEO  |c GEN  |d 2022-09-21  |e 8  |g 39900.00  |i 5654729  |l 67  |m 7  |o 220 BIB 2019  |p 5654729  |q 2025-01-03  |r 2024-12-04  |s 2024-12-04  |t 5  |v 39900.00  |w 2022-09-21  |y BK  |k ICR 
952 |0 0  |1 0  |2 ddc  |4 0  |6 220_000000000000000_BIB_2019  |7 0  |8 A  |9 586782  |a BIBTEO  |b BIBTEO  |c GEN  |d 2022-09-21  |e 8  |g 39900.00  |i 5654727  |l 57  |m 4  |o 220 BIB 2019  |p 5654727  |r 2025-05-09  |s 2025-05-09  |t 3  |v 39900.00  |w 2022-09-21  |y BK  |k ICR 
952 |0 0  |1 0  |2 ddc  |4 0  |6 220_000000000000000_BIB_2019  |7 0  |8 A  |9 586783  |a BIBTEO  |b BIBTEO  |c GEN  |d 2022-09-21  |e 8  |g 39900.00  |i 5654728  |l 51  |m 3  |o 220 BIB 2019  |p 5654728  |r 2025-05-09  |s 2025-05-09  |t 4  |v 39900.00  |w 2022-09-21  |y BK  |k ICR